=LDR 00000nam 2200000 4500 =001 INLIS000000000034327 =005 20130612140234 =008 ***********************************ind** =035 ##$$0010-061300000034327 =041 ##$$a ind =082 ##$$a 028.5 =090 ##$$a 028.5, Mur,t =100 ##$$a Muakhir,Au =245 ##$$a Tidak Takut Suntik, Having and Injection, Ali Muakhir; Penerjemah, Noviana Abdu; Editor, Tim GB =260 ##$$a 2008 $b Solo =300 ##$$a 23 hlm., Illus, 118 cm =650 ##$$a Bacaan Kanak-Kanak =700 ##$$a Abdu, Noviana =850 ##$$a NBPNMAT